Normal view
MARC view
- MICROPROCESSOR MICROCOMPUTERS MOTOROLA(MICROPROCESOR)
Entry Topical Term
001 - CONTROL NUMBER
- control field: 65309
003 - CONTROL NUMBER IDENTIFIER
- control field: NUST
005 - DATE AND TIME OF LATEST TRANSACTION
- control field: 20210628203421.0
008 - FIXED-LENGTH DATA ELEMENTS
- fixed length control field: 210628|| aca||aabn | a|a d
040 ## - CATALOGING SOURCE
- Original cataloging agency: NUST
- Transcribing agency: NUST
150 ## - HEADING--TOPICAL TERM
- Topical term or geographic name entry element: MICROPROCESSOR MICROCOMPUTERS MOTOROLA(MICROPROCESOR)
670 ## - SOURCE DATA FOUND
- Source citation: Work cat.: (NUST): LASKOWSKI, LESTER P , TOCCI, RONALD J 65308, MICROPROCESSORS AND MICROCOMPUTERS , THE 6800 FAMILY, 1986
